Textbook of general surgery/ (Record no. 200466984)
[ view plain ]
| 000 -LEADER | |
|---|---|
| fixed length control field | 00673 am a2200241 4500 |
| 001 - CONTROL NUMBER | |
| control field | 200466984 |
| 003 - CONTROL NUMBER IDENTIFIER | |
| control field | TR-AnU |
| 005 - DATE AND TIME OF LATEST TRANSACTION | |
| control field | 20260212121432.0 |
| 008 - FIXED-LENGTH DATA ELEMENTS--GENERAL INFORMATION | |
| fixed length control field | 030208s1944 eng eng d |
| 040 ## - CATALOGING SOURCE | |
| Transcribing agency | TR-AnTOB |
| 041 ## - LANGUAGE CODE | |
| Language code of text/sound track or separate title | İngilizce |
| 099 ## - LOCAL FREE-TEXT CALL NUMBER (OCLC) | |
| Classification number | WO 100 COL 1944 |
| 100 1# - MAIN ENTRY--PERSONAL NAME | |
| Personal name | Cole, Warren H. |
| 245 10 - TITLE STATEMENT | |
| Title | Textbook of general surgery/ |
| Statement of responsibility, etc. | Ed.by : W.H.Cole, R.Elman. |
| 250 ## - EDITION STATEMENT | |
| Edition statement | 4th ed. |
| 260 ## - PUBLICATION, DISTRIBUTION, ETC. | |
| Place of publication, distribution, etc. | New York : |
| Name of publisher, distributor, etc. | D.Appleton Century Company , |
| Date of publication, distribution, etc. | 1944. |
| 300 ## - PHYSICAL DESCRIPTION | |
| Extent | XXXIX, 1118 s. : |
| Other physical details | tbl. ,res. ,şkl. ; |
| Dimensions | 25 cm. |
| 504 ## - BIBLIOGRAPHY, ETC. NOTE | |
| Bibliography, etc. note | |
| 700 ## - ADDED ENTRY--PERSONAL NAME | |
| Personal name | Elman, Robert |
| 942 ## - ADDED ENTRY ELEMENTS (KOHA) | |
| Source of classification or shelving scheme | National Library of Medicine |
| Koha item type | Book |
| Withdrawn status | Lost status | Source of classification or shelving scheme | Not for loan | Collection code | Home library | Current library | Shelving location | Date acquired | Source of acquisition | Inventory number | Total Checkouts | Full call number | Barcode | Date last seen | Date shelved | Koha item type |
|---|---|---|---|---|---|---|---|---|---|---|---|---|---|---|---|---|
| National Library of Medicine | Ödünç Verilemez-Kurumiçi kullanım / Not for loan-For inhouse use | Tıp Koleksiyonu | Tıp Fakültesi Medikal Kütüphane | Tıp Fakültesi Medikal Kütüphane | Tıp Koleksiyonu / Medical Collection | 15/01/2026 | Bağış / Donation | TIP | WO 100 COL 1944 TıpFak | TF02548 | 15/01/2026 | 15/01/2026 | Book |
